000 00501nam a2200157 i 4500
001 100171
003 ES-MaACL
005 20230906182624.0
007 t|
008 050922s1920 sp ||||1| spa d
100 1 _aMartínez de la Riva, Ramón.
_978008
245 1 3 _aEl libro de la vida nacional
_b: conversaciones con grandes españoles /
_cRamón Martínez de la Riva.
260 _aMadrid :
_b[s.n.],
_c1920 (
_fTip. Giralda)
300 _a322 p. :
_bil. ;
_c19 cm.
852 _aES-MaACL
_jF-8978
999 _c100171
_d100171